| 000 | 00796nam a2200205 a 4500 | ||
|---|---|---|---|
| 001 | 000048444 | ||
| 005 | 20201002061146.0 | ||
| 008 | 190320s2017 dr a r 000 0 spa d | ||
| 020 | _a9789945088090 | ||
| 040 |
_aDO-SdBNP _bspa _cBNPHU |
||
| 082 |
_axxxx _bC343r |
||
| 100 | 1 |
_aCassá, Constancio _964433 |
|
| 245 | 1 | 0 |
_aReconocimiento de las zonas aledañas a El Limoncito, y un tratado sobre la evolución territorial y fundación del pueblo de Constanza / _cConstancio Cassa, Bernaldo de Quirós. |
| 260 |
_aSanto Domingo : _bOfigrafis del Caribe, _c2017. |
||
| 300 |
_a74 p. : _bil. ; _c23 cm. |
||
| 500 | _aIncluye referencias bibligráficas y notas al pie de las páginas | ||
| 504 | _aBibliografía : p. 73-74 | ||
| 590 | _aInventariado, 2019/BT | ||
| 700 | 1 |
_aQuirós, Bernaldo de _914453 |
|
| 999 |
_c47932 _d47932 |
||